000 00926cam a2200253 4500
001 ABS62461
008 000000n2000 000 0 eng u
035 _a(Sirsi) u106593
100 _aRedmond, J.
245 _aShow me the money
260 _c2000
490 _aBuilding
_v265(8140) 9 June 2000, 54-55(2)
520 _aLooks at the problem of parties trying to avoid payment of adjudicators fees, and argues that adjudicator-nominating bodies should make it clear when fees need to be paid.
590 _aABS
650 _aFEES
650 _aMANAGEMENT-DISPUTE AVOIDANCE, MANAGEMENT AND RESOLUTION-DISPUTE MANAGEMENT AND RESOLUTION-ALTERNATIVE DISPUTE RESOLUTION-ADJUDICATION-ADJUDICATORS
650 _aPAYMENT
650 _aADJUDICATION PROCEDURE
650 _aCEDR RULES FOR ADJUDICATION
650 _aCONSTRUCTION INDUSTRY COUNCIL
650 _aICE
690 _aDispute resolution
_96236
942 _n0
999 _c63824
_d63824